00459nam a2200169Ia 4500999001700000003000400017005001700021008004100038040000900079082001800088100003200106245003700138260004800175300000900223650001400232942004300246 c35296d35296OSt20201215093712.0190216s9999||||xx |||||||||||||| ||und|| coclc a882.01bPET/T aPeterson, Roger Tory 97473 0aThe Birds /cRoger Tory Peterson bTime Life International,c1972.aNederland: a188p aThe Birds cREF2ddch882.01iPET/Tk882.01mPET/T